[Event "Tata Steel-A 75th"]
[Site "Wijk aan Zee"]
[Date "2013.01.20"]
[Round "8"]
[White "Carlsen, Magnus"]
[Black "Karjakin, Sergey"]
[Result "1-0"]
[WhiteElo "2861"]
[BlackElo "2780"]
[Annotator "Marin,M"]
[PlyCount "183"]
[EventDate "2013.01.12"]
[EventType "tourn"]
[EventRounds "13"]
[EventCountry "NED"]
[EventCategory "20"]
[SourceTitle "CBM 153"]
[Source "ChessBase"]
[SourceDate "2013.03.14"]

1. Nf3 Nf6 2. g3 {It is not a secret that the opening is not Carlsen's
favourite area for duels of principle; he prefers the middlegame and the
endgame for that. The Reti Opening is just perfect for such an approach.} d5 3.
Bg2 c6 4. O-O Bg4 5. c4 e6 6. d3 Nbd7 7. cxd5 exd5 ({After ...Nbd7, it seems
to make less sense to clear the c6-square with} 7... cxd5 {, but the move
remains playable, of course, see for instance Markowski,T (2564)-Fressinet,L 
(2627) Gothenburg 2005 CBM 109 (Marin,M) (1/2, 31)}) 8. Qc2 {Usually White
does not develop his queen so early, but it may well lead to a transposition.}
(8. Nc3 Be7 (8... Bc5 9. h3 Bh5 10. a3 a5 11. e4 {1-0 (40) Marin,M (2530)
-Krasenkow,M (2655) Elista 1998 CBM 066 ext (Horn,Pe)}) 9. h3 Bxf3 10. Bxf3 d4
11. Nb1 {1/2 (26) Markowski,T (2560)-Bobras,P (2501) Poznan 2005 CBM 107 
(Marin,M)}) 8... Be7 9. Nc3 Bxf3 {Black gives up the bishops pair in order to
prevent the planned e2-e4.} (9... O-O 10. e4 Nc5 11. Ne5 Bh5 12. exd5 Nxd5 13.
Nxd5 cxd5 14. d4 $14 {Loginov,V (2499)-Poddubnyi,V (2240) Elista 2001 CBM 083 
(Horn,Pe) (1-0, 33)}) 10. Bxf3 d4 {This prolongs the f3-bishops range only
partly, since the c6-pawn is solidly defended. It all depends on whether White
can carry out the minoritys attack with b4-b5.} 11. Ne4 (11. Nb1 O-O 12. Nd2 {
1/2 (73) Markowski,T (2560)-Czarnota,P (2478) Poznan 2005 CBM 107 (Marin,M)})
11... O-O {Abstractly speaking, the best approach. Black does not release the
tension, letting White do it if he wishes so.} ({Concretely, I am not sure
whether} 11... Nxe4 12. Bxe4 {really improves that much White's position with
respect to the game, but in practice White scored well:} a5 (12... O-O 13. b4
Bxb4 14. Rb1 a5 15. a3 Bc3 16. Bb2 Bxb2 17. Rxb2 Nb6 18. Rfb1 Ra6 19. Rb3 $44 {
Loginov,V (2524)-Sinkevich,P (2323) St Petersburg 2003 (1-0, 48)}) (12... Nc5
13. Bg2 O-O 14. b4 Ne6 15. Rb1 Qd7 16. Bd2 Rac8 17. Rfc1 Kh8 18. Qb3 a6 19. Rc2
Ng5 20. a4 Qf5 21. b5 $16 {Hausrath,D (2445)-Jacob,G (2250) Germany 2004 (1/2,
60)}) 13. Bd2 O-O 14. Rab1 (14. Rfb1 Qb6 15. Qc4 Ne5 16. Qa4 Nd7 17. Qc4 Ne5
18. Qa4 Nd7 {1/2 (18) Loginov,V (2540)-Grischuk,A (2701) Togliatti 2003}) 14...
Qb6 15. Rfc1 Rfe8 16. Qd1 Bb4 17. Bf4 Nc5 18. Bf3 Ne6 19. Bd2 Bxd2 20. Qxd2 Qb4
21. Qxb4 axb4 22. Rc4 Rxa2 23. Rxb4 Re7 24. Bg4 g6 25. Bxe6 Rxe6 26. Kf1 $16 {
Hausrath,D (2507)-Van Wessel,R (2375) Netherlands 2011 (1-0, 44)}) 12. Nxf6+
Nxf6 $146 ({Clearly an improvement over} 12... Bxf6 {, which allows White
start his queenside attack without loss of time:} 13. b4 Nb6 14. Rb1 Qd7 15. b5
Rac8 (15... cxb5 16. Qc5 $16) 16. bxc6 bxc6 17. Bd2 Rfe8 18. Rfc1 g6 19. a4 Nd5
20. Qc4 $16 {Loginov,V (2507)-Tunik,G (2451) Togliatti 2001 (1-0, 43)}) 13. Bd2
({The already familiar} 13. b4 {maybe worth a try here, too, but Carlsens
approach (at least in this game) is by far longer ranged than that.}) 13... a5
14. a3 Nd5 $1 {From this square, the knight inhibits the thematic b2-b4,
because of the possible occupation of the c3-square (sustained by ...Bf6, of
course). Still, Black is not 100% stable since the d4-pawn cannot be defended
along the d-file.} (14... a4 {is premature and would play into White's hands:}
15. b3 axb3 16. Qxb3 Ra7 17. a4 $14) 15. Rab1 Qd7 16. Rfc1 (16. b4 axb4 17.
axb4 Bf6 {[%cal Gd5c3]}) 16... Rfe8 {It is far from easy to evaluate this
position. It takes a lot of optimism to claim an advantage with White, but on
the other hand did Black achieve full equality? White's structure is more
flexible, his bishops are a potential danger and it would be only he who could
carry out certain pawn breaks, such as b2-b4 or e2-e4. Black has to limit
himself to parrying the small threats and in doing so he should also avoid
losing coordination. Karjakin will deal with this task for a long time, but
not long enough! So, for practical point of view, I would risk to asses the
position as a +/=.} 17. Qc4 Nc7 18. h4 a4 19. Bb4 {An interesting plan. White
needs the b4- and c5-squares for his major pieces, in order to start attacking
the a4- and d4- pawns.} (19. b4 {remains unappealing:} Nb5 20. Ra1 Bf6) 19...
Nb5 20. Kg2 h6 21. Bc5 g6 22. Qb4 Bf6 {Stepping out of the tension in the hope
that White's pieces will become vulnerable.} (22... Bxc5 23. Rxc5 {offers
White some initiative, but it is difficult to say how persistent. From
practical point of view, Black's position would be slightly unpleasant though.}
h5 24. Rbc1 Kg7 25. R1c4 Qe7 (25... Red8 26. Rxc6 bxc6 27. Bxc6) (25... Re6 26.
Rxb5 cxb5 27. Rxd4) 26. Rxb5 cxb5 27. Rxd4 Qxb4 28. Rxb4 $44) 23. Qd2 Kg7 24.
Rc4 Ra6 25. Qd1 b6 {Quite a committal, but not necessarily bad move.} ({
It is not easy to find a constructive plan for White in case of neutral black
play, though:} 25... Rea8 26. Rbc1 h5 27. Rb4 Kh7 (27... b6 $2 28. Bf8+ $1 $16
{[%cal Gf3c6]}) 28. Qc2 Kg8 (28... b6 $2 29. Bxb6 $1 Rxb6 30. Bxc6 Rxc6 31.
Qxc6 Qxc6+ 32. Rxc6 $16) 29. Qc4 Kh7 30. Rc2 Kg7) 26. Bb4 c5 27. Bd2 Nc7 $1 {
Heading for d5, in oder to keep dreaming of the c3-square.} (27... Nd6 {
offers White some play:} 28. Rcc1 Qe6 29. b4 c4 (29... axb3 30. Qxb3 Qxb3 31.
Rxb3) 30. dxc4 Nxc4 31. b5 Ra7 32. Rb4 $36) 28. Rcc1 Nd5 29. Qh1 $5 {An
original way to cast some doubt over the advance of Black's queenside pawns.
The d5-knight has lost some of his stability.} Be7 30. Kg1 Rd8 31. Rc2 Qe6 32.
Qg2 Ra7 33. Re1 Rad7 34. Kh2 Rc8 35. Qh3 Qxh3+ {As a consequence of Black's
space advantage, his queen enjoyed higher mobility and the possibility of
keeping both wings under control. These are reasons to keep the queen, but how
to achieve that?} (35... Qd6 $2 36. h5 $14 g5 $2 37. Bg4 $18) (35... f5 {
looks entirely playable, though. White could try to keep weakening the light
suqares from Black's camp with} 36. h5 g5 37. g4 Qd6+ 38. Kg2 f4 {, but how to
make progress here?}) 36. Kxh3 h5 37. Rb1 {Somehow, Black's queenside looks
more vulnerable in the absence of the queen.} Ra8 38. Kg2 Ra6 39. b3 axb3 40.
Rxb3 Bf6 41. Rc4 Rd6 ({There does not seem to be any counterindication for} 
41... Nc3 {, sicnce after} 42. e3 Nd5 $1 {it is not easy to make further
progress.} 43. e4 $2 (43. exd4 Bxd4 {activates the bishop.}) 43... Nc3 $1 {
and the c4-rook is in danger.}) 42. Kf1 Kf8 43. a4 Nc3 $6 {But now, the
occupation of this square allows White take over the initiative. It does not
lose the game, though, this will happen much, much later.} (43... Ke7 $6 44. a5
$1 bxa5 45. Rb7+ Ke6 (45... Kf8 46. Rxc5 $16) 46. Rxc5 a4 47. Bg2 $40) ({
It is better to put the king into safety with} 43... Kg7 {waiting for White to
display his intentions. For instance} 44. a5 $6 bxa5 $1 45. Rxc5 a4 {and there
is no interemdiate check anymore.}) 44. Bf4 Re6 45. e3 Nxa4 (45... Kg7 46. exd4
cxd4 47. Bc6 $14) 46. Bd5 $1 Re7 (46... Re8 47. Bc6 $18) 47. Bd6 b5 48. Bxe7+
Bxe7 49. Rxb5 Nb6 50. e4 Nxc4 51. Rb8+ Kg7 52. Bxc4 Ra7 {This ending is very
unpleasant for Black, but possibly not more than that.} 53. f4 (53. Rc8 Rb7 54.
f3 Rb2 55. Rc7 Kf8 56. Kg1 Re2 57. g4 hxg4 58. fxg4 Re3 59. Kg2 Re2+ $11) 53...
Bd6 54. Re8 Rb7 55. Ra8 Be7 56. Kg2 Rb1 57. e5 Re1 58. Kf2 Rb1 59. Re8 (59. e6
f5) (59. Kf3 Rf1+ 60. Ke4 Rg1) 59... Bf8 60. Rc8 Be7 61. Ra8 Rb2+ 62. Kf3 Rb1
63. Bd5 Re1 64. Kf2 Rd1 65. Re8 Bf8 66. Bc4 Rb1 67. g4 $5 {The only chance.
Carlsen might have broken the kingside with his king on f2 in order to tempt
his opponent to make use of the h1-square. Had he put his king on g2 first,
Black would have been forced to play the correct move, ...g6xh5.} hxg4 68. h5
Rh1 $2 $18 (68... gxh5 69. f5 h4 70. f6+ Kg6 71. Rxf8 Kf5 $1 $11 (71... g3+ 72.
Kf3 Kf5 73. Rh8) 72. Rh8 (72. Rxf7 $2 g3+ 73. Kf3 Rb2 $19) 72... Rb2+ 73. Kg1
Rb1+) 69. hxg6 fxg6 70. Re6 (70. e6 Bd6) 70... Kh6 71. Bd5 Rh2+ (71... Ra1 72.
Be4) 72. Kg3 Rh3+ 73. Kxg4 Rxd3 74. f5 Re3 75. Rxg6+ Kh7 76. Bg8+ Kh8 77. Kf4
Rc3 78. f6 d3 79. Ke3 c4 80. Be6 Kh7 81. Bf5 Rc2 82. Rg2+ Kh6 83. Rxc2 dxc2 84.
Bxc2 Kg5 85. Kd4 Ba3 86. Kxc4 Bb2 87. Kd5 Kf4 88. f7 Ba3 89. e6 Kg5 90. Kc6 Kf6
91. Kd7 Kg7 92. e7 1-0

[Event "Tata Steel-A 75th"]
[Site "Wijk aan Zee"]
[Date "2013.01.15"]
[Round "4"]
[White "Carlsen, Magnus"]
[Black "Harikrishna, Penteala"]
[Result "1-0"]
[WhiteElo "2861"]
[BlackElo "2698"]
[Annotator "Marin,M"]
[PlyCount "98"]
[EventDate "2013.01.12"]
[EventType "tourn"]
[EventRounds "13"]
[EventCountry "NED"]
[EventCategory "20"]
[SourceTitle "CBM 153"]
[Source "ChessBase"]
[SourceDate "2013.03.14"]

1. e4 e5 2. Nf3 Nc6 3. c3 {Maybe not such a bad move after all. White
threatens to occupy the centre with d2-d4, just "a bit" earlier than this
happens in the Ruy Lopez (if Black does not interfere with this sweet plan by
choosing the Open variation or the Marshall Attack, of course). And since
Carlsen does not seem to be too keen to sustain long theoretical discussions,
the Ponziani is the perfect one-game-opening.} ({It is interesting to compare
the game position after 7 moves with that arising after} 3. Bc4 Nf6 4. d4 exd4
5. e5 d5 6. Bb5 Ne4 7. Nxd4 {Obviously, White has an extra tempo in the
Ponziani (c2-c3) with respect to an entirely approved opening! In the
two-knight defence, the main line goes} Bc5 {, to be cpmpared wth the similar
line below.}) 3... Nf6 4. d4 d5 5. Bb5 exd4 (5... Nxe4 6. Nxe5 Bd7 7. Nxd7 (7.
Qb3 {1-0 Prokopchuk,E-Sofieva,A (2385)/St Petersburg 1994/CBM 041/(Hecht) (74)}
) 7... Qxd7 8. O-O Be7 9. Nd2 Nxd2 10. Bxd2 a6 11. Bd3 O-O 12. Qf3 $14 {
Estrin,Y-Vasilchuk,Y/Moscow 1961/MCD (1-0, 42)}) 6. e5 Ne4 7. Nxd4 Bd7 {
This looks a bit passive.} ({I have the feeling that} 7... Bc5 {may be the
critical continuation anyway, even with the extra c2-c3. After all, Black does
not necessarily want to put pressure on d4, but rather weaken the presure over
c6 and for this reason c2-c3 is not too relevant.} 8. O-O (8. Nxc6 Bxf2+ 9. Kf1
bxc6 10. Bxc6+ Kf8 $13 {Kastell,M-Jonasson,P SVE-ch Klass corr 1999 (1-0, 23)})
8... O-O 9. f3 (9. Bxc6 bxc6 10. Be3 Qe8 11. f3 Nd6 $15 {Gligoric,S-Keller,D
Zuerich 1959 MCL (Bulletin) (1-0, 38)}) (9. Nxc6 bxc6 10. Bxc6 Ba6 11. Nd2 Bxf1
12. Nxe4 dxe4 13. Qxf1 Rb8 {Onderdelinden,D-Rosenhahn,E ICCF-Cup corr 1994 
(0-1, 34)}) 9... Ng5 10. Bxc6 bxc6 11. Be3 f6 {Gligoric,S-Fischer,R Buenos
Aires 1960 (1/2, 20). Well, if Fischer, on a very rare occasion when he
deviated from his 1...c5, chose this line, there may be something behind it.
Unfortunately, it is impossible to put these two great players, Fischer and
Carlsen, who reached unthinkable rating peaks of their time, to rehearse this
position against eachother...}) 8. Bxc6 bxc6 9. O-O Be7 10. Be3 {This looks
logical,} ({but} 10. f3 Nc5 11. f4 {does not seem too bad either:} O-O (11...
f5 $2 12. b4 Ne4 13. e6 $16 {Schneider,L (2410)-Moen,O (2315)/Eksjo 1981/MCL 
(1-0, 29)}) 12. Be3 $6 (12. f5 $1 {is the critical line, leaving Black with
the permanent threats of e5-e6 and f5-f6.}) 12... f6 $132 {Panchev,P (2365)
-Schoene,R (2360) Karl-Marx-Stadt 1990 (0-1, 42)}) 10... O-O 11. Nd2 Nc5 (11...
Nxd2 12. Qxd2 c5 13. Ne2 ({It makes more sense to fight for the c5-square:} 13.
Nb3 c4 14. Nc5 Bf5 15. b3 $14) 13... Bb5 14. Rfd1 Bxe2 15. Qxe2 Qd7 $11 {
Dueckstein,A-Unzicker,W/Siegen 1970/EXT 2002 (1/2, 29)}) 12. b4 $146 (12. f4 $5
f5 $6 (12... a5 $6 13. f5 Nd3 14. f6 $40) (12... f6 $1 13. b4 $6 fxe5 $1) 13.
b4 Ne6 $6 (13... Ne4 $14) 14. N2b3 $16 {Basman,M-Masters,D/Bath 1963/EXT 1999 
(1-0, 31)}) 12... Nb7 $6 {Too passive, I believe.} ({The provocative} 12... Nd3
$5 {may offer better chances for counterplay.} 13. f4 (13. N2f3 Nb2 14. Qc2 Nc4
) 13... a5 (13... c5 14. bxc5 Nxc5 15. Qf3 $36) 14. Qc2 (14. a3 axb4 15. axb4
Rxa1 16. Qxa1 c5 $132) 14... axb4 15. Qxd3 c5 $44) 13. f4 a5 14. f5 $5 {
This promising pawn sacrifice would not have been possible with the black
knight on d3 rather than b7.} axb4 15. cxb4 Bxb4 16. Qg4 {White's compensation
consists of two elements: his kingside threats and the idea of blocking the
enemy queenside pawns on c5 and d4.} Bc3 (16... c5 $2 17. Bh6 g6 18. Nc6 $1
Bxc6 19. fxg6 hxg6 20. Rxf7 $1 $18) 17. Rac1 Bxd4 18. Bxd4 Rxa2 {It is not
easy to find a good moment to fight against the blockade with ...c6-c5. This
is a result of the combined threats on both wings, quite an effective method
of play.} (18... c5 19. e6 cxd4 20. f6 g6 21. exd7 $16) 19. e6 f6 20. Nb3 {
Now and later, Carlsen will constantly choose the static approach, refraining
from turning the game dynamic. It is not easy to judge whether he was right,
maybe sometimes he was and other times not, but the course of the game is
suggestive for his general style.} (20. Rce1 $5 Rxd2 21. e7 Qe8 22. exf8=Q+
Qxf8 23. Qf4 Rd3 24. Qxc7 $36) 20... Be8 21. Nc5 Nd6 22. Qf3 Qe7 ({I would not
resist playing} 22... Nb5 {, with constant pressure against d4. In this case,
White would have enjoyed lesser freedom to build up his attack, although play
would have remained slightly one-sided anyway.}) 23. Rf2 Ra5 24. Nb3 Rb5 25.
Bc5 Bh5 26. Qc3 {White has achieved a faourable regrouping and can count on an
advantage.} Qe8 27. Qe3 (27. Nd4 $16) 27... Qa8 (27... Ne4 28. Bxf8 Nxf2 29.
Nd4 Ng4 30. Qg3 Qxf8 31. Nxb5 cxb5 32. Qxc7 $18) 28. Nd4 Rxc5 29. Rxc5 Ne4 30.
Nxc6 Nxf2 31. Kxf2 Qa2+ 32. Kg3 Re8 33. h3 $16 {The position has calmed down,
White has exchanged all the superfluous pieces and can enjoy his blockade.
Black can only sit and wait to be crushed.} Qa6 34. Qc3 Be2 35. Rxd5 Bb5 36.
Nb4 Qb7 37. Qc5 Ba4 38. Rd7 Qe4 39. Rxc7 h5 40. Kh2 Kh7 41. Qf2 Rg8 42. Na6 Be8
43. Rc5 Qd3 44. Nb4 Qd6+ 45. Kh1 Qd1+ 46. Qg1 Qd6 47. Nd5 Rf8 48. Qd4 Kh8 49.
Rc8 Bc6 1-0

[Event "Biel exh blitz"]
[Site "Biel"]
[Date "2012.07.22"]
[Round "1.3"]
[White "Carlsen, Magnus"]
[Black "Bacrot, Etienne"]
[Result "0-1"]
[WhiteElo "2837"]
[BlackElo "2713"]
[PlyCount "78"]
[EventDate "2012.07.22"]
[EventType "k.o. (blitz)"]
[EventRounds "3"]
[EventCountry "SUI"]
[SourceTitle "CBM 149 Extra"]
[Source "ChessBase"]
[SourceDate "2012.08.24"]

1. e4 c5 2. Nf3 Nc6 3. Bb5 g6 4. O-O Bg7 5. Nc3 Nd4 6. Nxd4 cxd4 7. Ne2 Qb6 8.
Bc4 d6 9. d3 Nf6 10. Bb3 O-O 11. Kh1 Nd7 12. f4 Nc5 13. f5 Nxb3 14. axb3 d5 15.
Bg5 dxe4 16. dxe4 Qd6 17. Qd3 b6 18. Bf4 Qc5 19. Ng3 a5 20. Rf2 Ba6 21. Qd2
Rac8 22. Re1 Rc6 23. e5 Rfc8 24. Rd1 Qxc2 25. Qxd4 Qxb3 26. Re1 Qb4 27. Qd1 Bc4
28. e6 fxe6 29. fxg6 hxg6 30. h3 Bb3 31. Qe2 Rc2 32. Qe3 Bd4 33. Qe4 Rxf2 34.
Qxg6+ Bg7 35. Re4 Rxf4 36. Rxb4 axb4 37. Nh5 Rf7 38. Qg4 Bd5 39. Nf4 Rc4 0-1

[Event "Biel exh blitz"]
[Site "Biel"]
[Date "2012.07.22"]
[Round "1.2"]
[White "Carlsen, Magnus"]
[Black "Bacrot, Etienne"]
[Result "1-0"]
[WhiteElo "2837"]
[BlackElo "2713"]
[PlyCount "61"]
[EventDate "2012.07.22"]
[EventType "k.o. (blitz)"]
[EventRounds "3"]
[EventCountry "SUI"]
[SourceTitle "CBM 149 Extra"]
[Source "ChessBase"]
[SourceDate "2012.08.24"]

1. e4 e5 2. Nf3 Nc6 3. Bc4 Bc5 4. c3 Nf6 5. d3 O-O 6. Bb3 d5 7. Qe2 Re8 8. Bg5
dxe4 9. dxe4 h6 10. Bh4 Be7 11. Nbd2 Nh5 12. Bg3 Bf8 13. O-O-O Qf6 14. Nc4 Nf4
15. Bxf4 Qxf4+ 16. Kb1 Bg4 17. h3 Bxf3 18. gxf3 Bc5 19. Rd5 Bb6 20. a4 Rad8 21.
Rhd1 Rxd5 22. exd5 Ne7 23. d6 cxd6 24. Nxd6 Rf8 25. Nxb7 Qf5+ 26. Ka2 Qxh3 27.
Qxe5 Ng6 28. Qe4 Nh4 29. Nd6 Bxf2 30. Nxf7 Rxf7 31. Rd8# 1-0

[Event "Biel exh blitz"]
[Site "Biel"]
[Date "2012.07.22"]
[Round "1.1"]
[White "Bacrot, Etienne"]
[Black "Carlsen, Magnus"]
[Result "1-0"]
[WhiteElo "2713"]
[BlackElo "2837"]
[PlyCount "103"]
[EventDate "2012.07.22"]
[EventType "k.o. (blitz)"]
[EventRounds "3"]
[EventCountry "SUI"]
[SourceTitle "CBM 149 Extra"]
[Source "ChessBase"]
[SourceDate "2012.08.24"]

1. c4 e5 2. g3 Nf6 3. Bg2 c6 4. d4 e4 5. Nc3 d5 6. Bg5 Nbd7 7. cxd5 cxd5 8. Qb3
h6 9. Bf4 Qa5 10. Bd2 Qb6 11. Nxd5 Nxd5 12. Qxd5 Nf6 13. Qb3 Be6 14. Qxb6 axb6
15. a3 b5 16. Rc1 Bd6 17. e3 b4 18. Bxb4 Bxb4+ 19. axb4 Ra2 20. Ne2 Rxb2 21.
Nc3 Bf5 22. O-O Ke7 23. Rb1 Rc2 24. Rfc1 Rxc1+ 25. Rxc1 Rc8 26. Kf1 Be6 27. Ke1
Rc4 28. b5 b6 29. Kd2 Rb4 30. Nxe4 Rxb5 31. Nxf6 gxf6 32. Be4 Rb2+ 33. Bc2 Kd6
34. Rb1 Rxb1 35. Bxb1 Ke7 36. Kc3 Kd6 37. Kb4 Bd7 38. Ba2 Ke7 39. Bc4 Bc6 40.
Bd3 Bd7 41. Be4 Be8 42. Bd3 Bc6 43. e4 Bd7 44. f4 Kd6 45. Bb5 Bg4 46. Bc4 Bf3
47. e5+ fxe5 48. fxe5+ Ke7 49. Kb5 f6 50. exf6+ Kxf6 51. Kxb6 Ke7 52. Kc5 1-0